[Event "Santiago de los Caballeros op"]
[Site "Santiago de los Caballeros"]
[Date "2015.11.08"]
[Round "4"]
[White "Reyes Capellan, Elby"]
[Black "Bencosme, Jose Luis"]
[Result "0-1"]
[WhiteElo "2028"]
[BlackElo "1939"]
[PlyCount "80"]
[EventDate "2015.11.06"]
[EventType "swiss"]
[EventRounds "6"]
[EventCountry "DOM"]
[SourceTitle "CBM 169 Extra"]
[Source "ChessBase"]
[SourceDate "2015.12.18"]
[SourceVersion "1"]
[SourceVersionDate "2015.12.18"]
[SourceQuality "1"]

1. e4 c6 2. d4 d5 3. Nc3 dxe4 4. Nxe4 Nf6 5. Ng3 g6 6. h3 Bg7 7. Nf3 0-0 8. Bc4 Na6 9. 0-0 b5 10. Bd3 Nb4 11. Be2 a6 12. c3 Nbd5 13. Re1 Qc7 14. a4 Bd7 15. Ne5 Be6 16. Nd3 Nd7 17. Ne4 Bf5 18. Bf3 e5 19. dxe5 Nxe5 20. Nxe5 Bxe5 21. axb5 axb5 22. Rxa8 Rxa8 23. Nc5 Nf4 24. Bxf4 Bxf4 25. Qe2 Rd8 26. g4 Bc8 27. Qe4 Bd6 28. b4 Bxc5 29. bxc5 Be6 30. Rd1 Rxd1+ 31. Bxd1 Bd5 32. Qe8+ Kg7 33. Qe3 f6 34. f4 Kf7 35. Bf3 Qe7 36. Bxd5+ cxd5 37. Qxe7+ Kxe7 38. Kf2 g5 39. fxg5 fxg5 40. Ke3 Kd7 0-1

[Event "Santiago de los Caballeros op"]
[Site "Santiago de los Caballeros"]
[Date "2015.11.07"]
[Round "2"]
[White "Bencosme, Jose Luis"]
[Black "Castillo Rivera, Nelson Javier"]
[Result "1/2-1/2"]
[WhiteElo "1939"]
[BlackElo "2058"]
[PlyCount "62"]
[EventDate "2015.11.06"]
[EventType "swiss"]
[EventRounds "6"]
[EventCountry "DOM"]
[SourceTitle "CBM 169 Extra"]
[Source "ChessBase"]
[SourceDate "2015.12.18"]
[SourceVersion "1"]
[SourceVersionDate "2015.12.18"]
[SourceQuality "1"]

1. d4 d5 2. c4 e6 3. Nf3 Nf6 4. Nc3 Be7 5. Bg5 0-0 6. e3 b6 7. Rc1 Bb7 8. Be2 Nbd7 9. 0-0 c5 10. b3 a6 11. Ne5 Nxe5 12. dxe5 Ne4 13. Nxe4 dxe4 14. Qxd8 Bxd8 15. Bxd8 Rfxd8 16. Rfd1 Kf8 17. Rxd8+ Rxd8 18. Rd1 Rxd1+ 19. Bxd1 Ke7 20. h4 f6 21. g4 fxe5 22. Kf1 h6 23. g5 hxg5 24. hxg5 Bc6 25. Kg2 g6 26. Kf1 Kd6 27. Ke1 b5 28. Kd2 b4 29. Kc2 a5 30. Be2 Ke7 31. Kb2 Kd6 1/2-1/2